| 000 | 00644nam a22001457a 4500 | ||
|---|---|---|---|
| 008 | 190118b xxu||||| |||| 00| 0 eng d | ||
| 020 | _a9788498013450 | ||
| 082 |
_a779.972.86 _bM515n |
||
| 100 |
_aMeiselas, Susan _96860 |
||
| 245 | _aNicaragua: Junio 1978-Julio 1979 | ||
| 260 |
_aBarcelona, España _bArt Blume, S.L. _c2008 |
||
| 300 |
_a104 p. _bill (col) _c28,5 x 22,5 cm |
||
| 505 |
_tJunio 1978, Régimen de Somoza _tSeptiembre 1978, Insurrección _tJunio 1979 - Julio 1979, Ofensiva Final |
||
| 650 |
_2Fotografía documental _vFotografía _vNicaragua - Historia _vNicaragua - Revolución 1979 _vNicaragua - Fotografía documental _zNicaragua _96861 |
||
| 999 |
_c1705 _d1705 |
||